000 03053cam a2200529 i 4500
999 _c18082
_d18082
001 22979424
005 20230503164623.0
008 230217t20222022nyua b 001 0 eng d
010 _a 2022279272
015 _aGBC1G5851
_2bnb
016 7 _a020349484
_2Uk
020 _a1462548040
020 _a9781462548040
020 _a1462548032
020 _a9781462548033
020 _z9781462548071 (ebook)
020 _z9781462548057 (ebook)
020 _z9781462548064 (ebook)
035 _a(OCoLC)on1252763098
040 _aYDX
_beng
_cYDX
_erda
_dBDX
_dUKMGB
_dOCLCF
_dCDX
_dOCLCO
_dEAU
_dDLC
042 _alccopycat
043 _an-us---
050 0 0 _aLB1631
_b.H4944 2022
082 0 4 _a2022
_2DC 428.0071273
_bH529
100 1 _aHicks, Troy,
_eauthor.
_948371
245 1 0 _aMindful teaching with technology :
_bdigital diligence in the English language arts, grades 6-12 /
_cTroy Hicks ; foreword by Lesley Mandel Morrow.
260 _aNew York :
_bThe Guilford Press,
_c©2022.
300 _axvi, 224 pages :
_billustrations ;
_c26 cm
504 _aIncludes bibliographical references (pages 203-218) and index.
520 _aTechnology is integral to teaching in the English language arts, whether in-person, hybrid, or remote. In this indispensable gudie, Troy Hicks shows how to teach and model "digital diligence"--an alert, intentional stance that helps both teachers and students use technology productively, ethically, and responsibly. Resources and lesson ideas are presented to build adolescents' skills for protecting online privacy, minimizing digital distraction, breaking through "filter bubbles," fostering civil conversations, evaluating information on the Internet, creating meaningful digital writing, and deeply engaging with multimedia texts. Dozens of websites, apps, and other tools are reviewed, with links provided at the companion website; end-of-chapter teaching points and guiding questions facilitate learning and application--back cover.
650 0 _aLanguage arts (Secondary)
_zUnited States.
_948372
650 0 _aEnglish language
_xStudy and teaching (Secondary)
_zUnited States.
_948373
650 0 _aEducational technology
_zUnited States.
_948374
650 0 _aLanguage arts (Secondary)
_zUnited States
_xComputer-assisted instruction.
_948375
650 6 _aArts du langage (Secondaire)
_zÉtats-Unis.
_948376
650 6 _aTechnologie éducative
_zÉtats-Unis.
_948377
650 6 _aArts du langage (Secondaire)
_zÉtats-Unis
_xEnseignement assisté par ordinateur.
_948378
650 7 _aEducational technology.
_2fast
_948379
650 7 _aEnglish language
_xStudy and teaching (Secondary)
_2fast
_91493
650 7 _aLanguage arts (Secondary)
_2fast
_948380
650 7 _aLanguage arts (Secondary)
_xComputer-assisted instruction.
_2fast
_948381
651 7 _aUnited States.
_2fast
_939442
776 0 8 _iebook version :
_z9781462548071
906 _a7
_bcbc
_ccopycat
_d2
_encip
_f20
_gy-gencatlg
942 _2ddc
_cDC